Statistics for 随机30个县区在哪个地级行政区?Where are the 30 random counties located?

Click here to take the quiz!

General Stats

  • This quiz has been taken 593 times
    (446 since last reset)
  • The average score is 11 of 30

Answer Stats

区县地级行政区% Correct
阿坝县阿坝藏族羌族自治州
100%
吴兴区湖州市
100%
卫滨区新乡市
100%
红河县红河哈尼族彝族自治州
100%
蒙自市红河哈尼族彝族自治州
100%
屏边苗族自治县红河哈尼族彝族自治州
100%
土默特左旗呼和浩特市
100%
阿荣旗呼伦贝尔市
100%
额尔古纳市呼伦贝尔市
100%
鄂伦春自治旗呼伦贝尔市
100%
鄂温克族自治旗呼伦贝尔市
100%
大悟县孝感市
100%
衡东县衡阳市
100%
洪泽区淮安市
100%
保康县襄阳市
100%
盱眙县淮安市
100%
吉首市湘西土家族苗族自治州
100%
凤凰县湘西土家族苗族自治州
100%
寿县淮南市
100%
谢家集区淮南市
100%
红安县黄冈市
100%
黄梅县黄冈市
100%
耒阳市衡阳市
100%
冀州区衡水市
100%
湘乡市湘潭市
100%
云龙区徐州市
100%
萧山区杭州市
100%
余杭区杭州市
100%
西湖区杭州市|南昌市
100%
广德市宣城市
100%
肥东县合肥市
100%
肥西县合肥市
100%
庐江县合肥市
100%
蜀山区合肥市
100%
和田县和田地区
100%
铜山区徐州市
100%
五大连池市黑河市
100%
睢宁县徐州市
100%
沛县徐州市
100%
宜州区河池市
100%
连平县河源市
100%
曹县菏泽市
100%
科尔沁右翼中旗兴安盟
100%
科尔沁右翼前旗兴安盟
100%
任泽区邢台市
100%
绥滨县鹤岗市
100%
爱辉区黑河市
100%
罗田县黄冈市
100%
湘潭县湘潭市
100%
郎溪县宣城市
100%
汉阳区武汉市
100%
东风区佳木斯市
100%
临潼区西安市
100%
莲湖区西安市
100%
恩平市江门市
100%
碑林区西安市
100%
古浪县武威市
100%
江夏区武汉市
100%
洪山区武汉市
100%
揭西县揭阳市
100%
义乌市金华市
100%
湟源县西宁市
100%
岑溪市梧州市
100%
青铜峡市吴忠市
100%
高平市晋城市
100%
和顺县晋中市
100%
江阴市无锡市
100%
榆次区晋中市
100%
榆社县晋中市
100%
左权县晋中市
100%
掇刀区荆门市
100%
鱼台县济宁市
100%
湟中区西宁市
100%
杨陵区咸阳市
100%
鸡东县鸡西市
100%
旬邑县咸阳市
100%
黄山区黄山市
100%
歙县黄山市
100%
屯溪区黄山市
100%
黄石港区黄石市
100%
武功县咸阳市
100%
惠城区惠州市
100%
惠东县惠州市
100%
龙门县惠州市
100%
彬州市咸阳市
100%
曲阜市济宁市
100%
密山市鸡西市
100%
船营区吉林市
100%
二连浩特市锡林郭勒盟
100%
舒兰市吉林市
100%
钢城区济南市
100%
东乌珠穆沁旗锡林郭勒盟
100%
平阴县济南市
100%
章丘区济南市
100%
长清区济南市
100%
嘉祥县济宁市
100%
桐庐县杭州市
100%
淳安县杭州市
100%
公安县荆州市
100%
贺兰县银川市
100%
府谷县榆林市
100%
三水区佛山市
100%
闽清县福州市
100%
平潭县福州市
100%
抚顺县抚顺市
100%
鲅鱼圈区营口市
100%
西夏区银川市
100%
资溪县抚州市
100%
阜新蒙古族自治县阜新市
100%
沅江市益阳市
100%
利川市恩施土家族苗族自治州
100%
彰武县阜新市
100%
合作市甘南藏族自治州
100%
碌曲县甘南藏族自治州
100%
夏河县甘南藏族自治州
100%
舟曲县甘南藏族自治州
100%
稻城县甘孜藏族自治州
100%
高安市宜春市
100%
德格县甘孜藏族自治州
100%
理塘县甘孜藏族自治州
100%
佳县榆林市
100%
恩施市恩施土家族苗族自治州
100%
石渠县甘孜藏族自治州
100%
广汉市德阳市
100%
庄河市大连市
100%
云安区云浮市
100%
岳阳县岳阳市
100%
岳阳楼区岳阳市
100%
湘阴县岳阳市
100%
汨罗市岳阳市
100%
宽甸满族自治县丹东市
100%
芒市德宏傣族景颇族自治州
100%
瑞丽市德宏傣族景颇族自治州
100%
德城区德州市
100%
绥德县榆林市
100%
武城县德州市
100%
杂多县玉树藏族自治州
100%
玉树市玉树藏族自治州
100%
曲麻莱县玉树藏族自治州
100%
囊谦县玉树藏族自治州
100%
玉州区玉林市
100%
东营区东营市
100%
广饶县东营市
100%
陆川县玉林市
100%
博白县玉林市
100%
泸定县甘孜藏族自治州
100%
夷陵区宜昌市
100%
滨江区杭州市
100%
吴起县延安市
100%
宝应县扬州市
100%
盐都区盐城市
100%
阿城区哈尔滨市
100%
道里区哈尔滨市
100%
图们市延边朝鲜族自治州
100%
香坊区哈尔滨市
100%
志丹县延安市
100%
祁连县海北藏族自治州
100%
互助土族自治县海东市
100%
富县延安市
100%
班玛县果洛藏族自治州
100%
茫崖市海西蒙古族藏族自治州
100%
芝罘区烟台市
100%
峰峰矿区邯郸市
100%
临漳县邯郸市
100%
天全县雅安市
100%
略阳县汉中市
100%
芦山县雅安市
100%
宁强县汉中市
100%
宣州区宣城市
100%
高邮市扬州市
100%
阳朔县桂林市
100%
大余县赣州市
100%
霍尔果斯市伊犁哈萨克自治州
100%
赣县区赣州市
100%
广安区广安市
100%
伊宁市伊犁哈萨克自治州
100%
剑阁县广元市
100%
特克斯县伊犁哈萨克自治州
100%
番禺区广州市
100%
海珠区广州市
100%
花都区广州市
100%
黄埔区广州市
100%
天河区广州市
100%
江都区扬州市
100%
越秀区广州市
100%
霍城县伊犁哈萨克自治州
100%
白云区广州市|贵阳市
100%
巩留县伊犁哈萨克自治州
100%
港南区贵港市
100%
友好区伊春市
100%
花溪区贵阳市
100%
平定县阳泉市
100%
矿区阳泉市
100%
秀峰区桂林市
100%
乌鲁木齐县乌鲁木齐市
100%
荆州区荆州市
100%
甘井子区大连市
100%
罗湖区深圳市
100%
竹山县十堰市
100%
余姚市宁波市
100%
于洪区沈阳市
100%
沈河区沈阳市
100%
沈北新区沈阳市
100%
东区攀枝花市
100%
米易县攀枝花市
100%
皇姑区沈阳市
100%
南山区深圳市|鹤岗市
100%
龙岗区深圳市
100%
奉化区宁波市
100%
宝安区深圳市
100%
新昌县绍兴市
100%
嵊州市绍兴市
100%
邵阳县邵阳市
100%
秀屿区莆田市
100%
濮阳县濮阳市
100%
澜沧拉祜族自治县普洱市
100%
南雄市韶关市
100%
乐昌市韶关市
100%
海曙区宁波市
100%
慈溪市宁波市
100%
铅山县上饶市
100%
姑苏区苏州市
100%
西安区牡丹江市|辽源市
100%
班戈县那曲市
100%
沭阳县宿迁市
100%
相城区苏州市
100%
吴江区苏州市
100%
太仓市苏州市
100%
红谷滩区南昌市
100%
昆山市苏州市
100%
虎丘区苏州市
100%
建邺区南京市
100%
威远县内江市
100%
江宁区南京市
100%
溧水区南京市
100%
秦淮区南京市
100%
武夷山市南平市
100%
赵县石家庄市
100%
崇川区南通市
100%
海安市南通市
100%
如皋市南通市
100%
邓州市南阳市
100%
鹿泉区石家庄市
100%
富裕县齐齐哈尔市
100%
梅里斯达斡尔族区齐齐哈尔市
100%
蕉岭县梅州市
100%
思明区厦门市
100%
海丰县汕尾市
100%
平度市青岛市
100%
澄海区汕头市
100%
连州市清远市
100%
乃东区山南市
100%
西峰区庆阳市
100%
贡嘎县山南市
100%
翔安区厦门市
100%
常山县衢州市
100%
集美区厦门市
100%
陆丰市汕尾市
100%
湖里区厦门市
100%
德化县泉州市
100%
海沧区厦门市
100%
金门县泉州市
100%
晋江市泉州市
100%
沙县区三明市
100%
三元区三明市
100%
陕州区三门峡市
100%
渑池县三门峡市
100%
胶州市青岛市
100%
山海关区秦皇岛市
100%
鄱阳县上饶市
100%
天柱县黔东南苗族侗族自治州
100%
德兴市上饶市
100%
普陀区上海市|舟山市
100%
长宁区上海市
100%
杨浦区上海市
100%
松江区上海市
100%
凯里市黔东南苗族侗族自治州
100%
青浦区上海市
100%
浦东新区上海市
100%
静安区上海市
100%
金山区上海市
100%
昌黎县秦皇岛市
100%
都匀市黔南布依族苗族自治州
100%
嘉定区上海市
100%
黄浦区上海市
100%
虹口区上海市
100%
荔波县黔南布依族苗族自治州
100%
崇明区上海市
100%
册亨县黔西南布依族苗族自治州
100%
兴义市黔西南布依族苗族自治州
100%
梁园区商丘市
100%
北戴河区秦皇岛市
100%
梅江区梅州市
100%
大埔县梅州市
100%
乐平市景德镇市
100%
灌云县连云港市
100%
文安县廊坊市
100%
香河县廊坊市
100%
坊子区潍坊市
100%
夹江县乐山市
100%
犍为县乐山市
100%
文登区威海市
100%
鄯善县吐鲁番市
100%
景宁畲族自治县丽水市
100%
龙泉市丽水市
100%
海州区连云港市|阜新市
100%
大城县廊坊市
100%
德昌县凉山彝族自治州
100%
义安区铜陵市
100%
雷波县凉山彝族自治州
100%
西昌市凉山彝族自治州
100%
扎鲁特旗通辽市
100%
奈曼旗通辽市
100%
科尔沁左翼中旗通辽市
100%
科尔沁左翼后旗通辽市
100%
茌平区聊城市
100%
三河市廊坊市
100%
城关区兰州市|拉萨市
100%
波密县林芝市
100%
尉氏县开封市
100%
柴桑区九江市
100%
共青城市九江市
100%
达坂城区乌鲁木齐市
100%
浔阳区九江市
100%
阿克塞哈萨克族自治县酒泉市
100%
瓜州县酒泉市
100%
肃州区酒泉市
100%
巴楚县喀什地区
100%
塔什库尔干塔吉克自治县喀什地区
100%
马关县文山壮族苗族自治州
100%
榆中县兰州市
100%
阿图什市克孜勒苏柯尔克孜自治州
100%
官渡区昆明市
100%
盘龙区昆明市
100%
达孜区拉萨市
100%
临渭区渭南市
100%
尼木县拉萨市
100%
华州区渭南市
100%
皋兰县兰州市
100%
七里河区兰州市
100%
潍城区潍坊市
100%
东昌府区聊城市
100%
工布江达县林芝市
100%
东坡区眉山市
100%
新安县洛阳市
100%
姜堰区泰州市
100%
两当县陇南市
100%
冷水江市娄底市
100%
泰山区泰安市
100%
岱岳区泰安市
100%
泸县泸州市
100%
叙永县泸州市
100%
洛龙区洛阳市
100%
洛宁县洛阳市
100%
偃师区洛阳市
100%
曹妃甸区唐山市
100%
岚县吕梁市
100%
椒江区台州市
100%
孝义市吕梁市
100%
博望区马鞍山市
100%
当涂县马鞍山市
100%
塔城市塔城地区
100%
花山区马鞍山市
100%
雨山区马鞍山市
100%
化州市茂名市
100%
漳平市龙岩市
100%
丰南区唐山市
100%
临翔区临沧市
100%
河北区天津市
100%
镇康县临沧市
100%
大宁县临汾市
100%
汾西县临汾市
100%
霍州市临汾市
100%
秦州区天水市
100%
西青区天津市
100%
武清区天津市
100%
静海区天津市
100%
蓟州区天津市
100%
东丽区天津市
100%
金寨县六安市
100%
兰陵县临沂市
100%
临沭县临沂市
100%
北辰区天津市
100%
蒙阴县临沂市
100%
宝坻区天津市
100%
沂南县临沂市
100%
沂水县临沂市
100%
河东区临沂市|天津市
100%
柳北区柳州市
100%
霍邱县六安市
100%
旅顺口区大连市
100%
满洲里市呼伦贝尔市
100%
忠县重庆市
100%
嵊泗县舟山市
100%
山丹县张掖市
100%
肃南裕固族自治县张掖市
100%
腾冲市保山市
100%
龙海区漳州市
100%
太康县周口市
100%
商水县周口市
100%
鹿邑县周口市
100%
涿州市保定市
100%
若羌县巴音郭楞蒙古自治州
100%
昌吉市昌吉回族自治州
100%
尉犁县巴音郭楞蒙古自治州
100%
焉耆回族自治县巴音郭楞蒙古自治州
100%
琼中黎族苗族自治县直辖
100%
神农架林区直辖
100%
定海区舟山市
100%
岱山县舟山市
100%
涞源县保定市
100%
漳浦县漳州市
100%
磴口县巴彦淖尔市
100%
汤阴县安阳市
100%
诏安县漳州市
100%
江达县昌都市
100%
天长市滁州市
100%
临淄区淄博市
100%
桓仁满族自治县本溪市
100%
桓台县淄博市
100%
宁陕县安康市
100%
西城区北京市
100%
宿松县安庆市
100%
顺义区北京市
100%
昌江黎族自治县直辖
100%
昌平区北京市
100%
平谷区北京市
100%
确山县驻马店市
100%
下花园区张家口市
100%
凭祥市崇左市
100%
西秀区安顺市
100%
海淀区北京市
100%
房山区北京市
100%
大兴区北京市
100%
双滦区承德市
100%
九台区长春市
100%
怀安县张家口市
100%
怀远县蚌埠市
100%
武进区常州市
100%
浏阳市长沙市
100%
陈仓区宝鸡市
100%
梁平区重庆市
100%
开州区重庆市
100%
天心区长沙市
100%
蚌山区蚌埠市
100%
宜章县郴州市
100%
江津区重庆市
100%
平果市百色市
100%
苏仙区郴州市
100%
龙子湖区蚌埠市
100%
合川区重庆市
100%
双塔区朝阳市
100%
潮安区潮州市
100%
长沙县长沙市
100%
桂东县郴州市
100%
奉节县重庆市
100%
都江堰市成都市
100%
凤翔区宝鸡市
100%
新津区成都市
100%
长白朝鲜族自治县白山市
100%
渝中区重庆市
100%
通榆县白城市
100%
渝北区重庆市
100%
临澧县常德市
100%
永川区重庆市
100%
武侯区成都市
100%
巫溪县重庆市
100%
双流区成都市
100%
青白江区成都市
100%
綦江区重庆市
100%
白银区白银市
100%
巴南区重庆市
100%
巫山县重庆市
100%
龙泉驿区成都市
100%
万州区重庆市
100%
沙坪坝区重庆市
100%
陇县宝鸡市
100%
黔江区重庆市
100%
张店区淄博市
100%
大足区重庆市
100%
开江县达州市
100%
仁怀市遵义市
100%
崇礼区张家口市
100%
荥阳市郑州市
100%
沧县沧州市
100%
遂溪县湛江市
100%
富顺县自贡市
100%
汶川县阿坝藏族羌族自治州
100%
贡井区自贡市
100%
巩义市郑州市
100%
丹阳市镇江市
100%
大理市大理白族自治州
100%
福海县阿勒泰地区
100%
坡头区湛江市
100%
新郑市郑州市
100%
中牟县郑州市
100%
马尔康市阿坝藏族羌族自治州
100%
青县沧州市
100%
九寨沟县阿坝藏族羌族自治州
100%
巍山彝族回族自治县大理白族自治州
100%
赫章县毕节市
100%
播州区遵义市
100%
沽源县张家口市
100%
肃宁县沧州市
100%
吴桥县沧州市
100%
理县阿坝藏族羌族自治州
100%
谯城区亳州市
100%
同安区厦门市
83%
娄星区娄底市
80%
常熟市苏州市
80%
门头沟区北京市
80%
美兰区海口市
75%
望城区长沙市
75%
揭东区揭阳市
75%
宝塔区延安市
75%
通州区北京市|南通市
75%
句容市镇江市
75%
扎赉诺尔区呼伦贝尔市
75%
临西县邢台市
67%
市南区青岛市
67%
禄劝彝族苗族自治县昆明市
67%
和布克赛尔蒙古自治县塔城地区
67%
莱西市青岛市
67%
全南县赣州市
67%
围场满族蒙古族自治县承德市
67%
阜平县保定市
67%
嘉善县嘉兴市
67%
万宁市直辖
67%
润州区镇江市
67%
日土县阿里地区
67%
潮阳区汕头市
67%
雄县保定市
67%
梅县区梅州市
67%
容城县保定市
67%
潜江市直辖
67%
鹤山市江门市
67%
临朐县潍坊市
67%
吴堡县榆林市
67%
青田县丽水市
67%
黄龙县延安市
67%
翼城县临汾市
67%
富阳区杭州市
67%
红原县阿坝藏族羌族自治州
67%
金州区大连市
67%
济阳区济南市
67%
义马市三门峡市
67%
佛坪县汉中市
67%
莱山区烟台市
67%
鸡泽县邯郸市
67%
莱阳市烟台市
67%
蓬莱区烟台市
67%
德令哈市海西蒙古族藏族自治州
67%
洛川县延安市
67%
清河县邢台市
67%
新沂市徐州市
67%
绛县运城市
67%
金牛区成都市
67%
伊州区哈密市
67%
灵丘县大同市
67%
单县菏泽市
67%
古蔺县泸州市
67%
上街区郑州市
67%
辉县市新乡市
67%
呼玛县大兴安岭地区
67%
牡丹区菏泽市
67%
塔河县大兴安岭地区
67%
新都区成都市
67%
响水县盐城市
67%
察哈尔右翼中旗乌兰察布市
67%
武穴市黄冈市
67%
扎兰屯市呼伦贝尔市
67%
铁东区鞍山市|四平市
67%
辽中区沈阳市
67%
花垣县湘西土家族苗族自治州
67%
盖州市营口市
67%
甘州区张掖市
67%
利津县东营市
67%
可克达拉市直辖
67%
无极县石家庄市
67%
措勤县阿里地区
67%
思茅区普洱市
67%
伊金霍洛旗鄂尔多斯市
67%
临安区杭州市
67%
敦煌市酒泉市
67%
古田县宁德市
67%
休宁县黄山市
67%
冷水滩区永州市
67%
福田区深圳市
67%
奉贤区上海市
67%
淮安区淮安市
67%
清涧县榆林市
67%
襄州区襄阳市
67%
察哈尔右翼后旗乌兰察布市
67%
巴东县恩施土家族苗族自治州
67%
乳源瑶族自治县韶关市
67%
秀山土家族苗族自治县重庆市
60%
大名县邯郸市
60%
淮阴区淮安市
60%
贾汪区徐州市
60%
迎泽区太原市
60%
兰溪市金华市
60%
新北区常州市
50%
凤县宝鸡市
50%
察隅县林芝市
50%
兰考县开封市
50%
南丹县河池市
50%
历下区济南市
50%
沾化区滨州市
50%
泉山区徐州市
50%
勐腊县西双版纳傣族自治州
50%
老河口市襄阳市
50%
勐海县西双版纳傣族自治州
50%
沅陵县怀化市
50%
扶风县宝鸡市
50%
东阿县聊城市
50%
麟游县宝鸡市
50%
管城回族区郑州市
50%
惠济区郑州市
50%
灯塔市辽阳市
50%
武陵区常德市
50%
库伦旗通辽市
50%
建安区许昌市
50%
新干县吉安市
50%
皮山县和田地区
50%
桦甸市吉林市
50%
东西湖区武汉市
50%
万秀区梧州市
50%
绩溪县宣城市
50%
吉县临汾市
50%
四会市肇庆市
50%
怀集县肇庆市
50%
清水县天水市
50%
金川区金昌市
50%
蛟河市吉林市
50%
广宁县肇庆市
50%
巢湖市合肥市
50%
边坝县昌都市
50%
浮山县临汾市
50%
土默特右旗包头市
50%
永康市金华市
50%
米林市林芝市
50%
永顺县湘西土家族苗族自治州
50%
魏都区许昌市
50%
开原市铁岭市
50%
和田市和田地区
50%
丁青县昌都市
50%
锡林浩特市锡林郭勒盟
50%
西乌珠穆沁旗锡林郭勒盟
50%
长丰县合肥市
50%
苏尼特左旗锡林郭勒盟
50%
双江拉祜族佤族布朗族傣族自治县临沧市
50%
莱芜区济南市
50%
调兵山市铁岭市
50%
昌图县铁岭市
50%
保亭黎族苗族自治县直辖
50%
苍梧县梧州市
50%
通道侗族自治县怀化市
50%
枣阳市襄阳市
50%
吉州区吉安市
50%
陈巴尔虎旗呼伦贝尔市
50%
富平县渭南市
50%
白水县渭南市
50%
祁门县黄山市
50%
曲阳县保定市
50%
武邑县衡水市
50%
鄠邑区西安市
50%
玉门市酒泉市
50%
京口区镇江市
50%
登封市郑州市
50%
肃北蒙古族自治县酒泉市
50%
铁山港区北海市
50%
峨边彝族自治县乐山市
50%
鼎城区常德市
50%
海拉尔区呼伦贝尔市
50%
韩城市渭南市
50%
伽师县喀什地区
50%
莫力达瓦达斡尔族自治旗呼伦贝尔市
50%
疏勒县喀什地区
50%
永嘉县温州市
50%
忻府区忻州市
50%
黟县黄山市
50%
安宁市昆明市
50%
清水河县呼和浩特市
50%
呈贡区昆明市
50%
兴平市咸阳市
50%
喀什市喀什地区
50%
疏附县喀什地区
50%
鹿城区温州市
50%
乐清市温州市
50%
凉州区武威市
50%
徐水区保定市
50%
武川县呼和浩特市
50%
合山市来宾市
50%
蓝田县西安市
50%
高阳县保定市
50%
靖州苗族侗族自治县怀化市
50%
印台区铜川市
50%
昭平县贺州市
50%
布拖县凉山彝族自治州
50%
渭滨区宝鸡市
50%
河南蒙古族自治县黄南藏族自治州
50%
鼎湖区肇庆市
50%
太白县宝鸡市
50%
泗水县济宁市
50%
海原县中卫市
50%
汉川市孝感市
50%
端州区肇庆市
50%
安福县吉安市
50%
喜德县凉山彝族自治州
50%
弥勒市红河哈尼族彝族自治州
50%
鲁甸县昭通市
50%
石阡县铜仁市
50%
惠来县揭阳市
50%
徽州区黄山市
50%
澧县常德市
50%
莲都区丽水市
50%
武陟县焦作市
50%
津市市常德市
50%
隆尧县邢台市
50%
都昌县九江市
50%
桦川县佳木斯市
50%
南和区邢台市
50%
云梦县孝感市
50%
精河县博尔塔拉蒙古自治州
50%
德安县九江市
50%
邹城市济宁市
50%
平乡县邢台市
50%
珠山区景德镇市
50%
松滋市荆州市
50%
浚县鹤壁市
50%
惠阳区惠州市
50%
路南区唐山市
50%
旌德县宣城市
50%
明光市滁州市
50%
普定县安顺市
50%
永宁县银川市
50%
贵溪市鹰潭市
50%
柯桥区绍兴市
50%
庄浪县平凉市
50%
新邵县邵阳市
50%
仙游县莆田市
50%
江城哈尼族彝族自治县普洱市
50%
孟连傣族拉祜族佤族自治县普洱市
50%
玉山县上饶市
50%
西区攀枝花市
50%
罗源县福州市
50%
余干县上饶市
50%
大观区安庆市
50%
仓山区福州市
50%
安岳县资阳市
50%
广信区上饶市
50%
高明区佛山市
50%
高青县淄博市
50%
港口区防城港市
50%
闵行区上海市
50%
盘山县盘锦市
50%
康平县沈阳市
50%
来凤县恩施土家族苗族自治州
50%
裕华区石家庄市
50%
华安县漳州市
50%
横州市南宁市
50%
江南区南宁市
50%
良庆区南宁市
50%
武鸣区南宁市
50%
克什克腾旗赤峰市
50%
秭归县宜昌市
50%
宝清县双鸭山市
50%
建瓯市南平市
50%
千山区鞍山市
50%
苏家屯区沈阳市
50%
辛集市石家庄市
50%
井陉县石家庄市
50%
镇平县南阳市
50%
殷都区安阳市
50%
郧阳区十堰市
50%
樟树市宜春市
50%
郧西县十堰市
50%
安化县益阳市
50%
颍东区阜阳市
50%
丹江口市十堰市
50%
榕江县黔东南苗族侗族自治州
50%
榆阳区榆林市
50%
崇义县赣州市
50%
赤坎区湛江市
50%
扎囊县山南市
50%
湄潭县遵义市
50%
拜城县阿克苏地区
50%
阿瓦提县阿克苏地区
50%
宣威市曲靖市
50%
廉江市湛江市
50%
沾益区曲靖市
50%
柯城区衢州市
50%
松潘县阿坝藏族羌族自治州
50%
安溪县泉州市
50%
宣汉县达州市
50%
桐梓县遵义市
50%
习水县遵义市
50%
泉港区泉州市
50%
海棠区三亚市
50%
永春县泉州市
50%
岗巴县日喀则市
50%
江孜县日喀则市
50%
中山区大连市
50%
普兰店区大连市
50%
薛城区枣庄市
50%
陇川县德宏傣族景颇族自治州
50%
英德市清远市
50%
子洲县榆林市
50%
青龙满族自治县秦皇岛市
50%
周村区淄博市
50%
康巴什区鄂尔多斯市
50%
噶尔县阿里地区
50%
哈巴河县阿勒泰地区
50%
晴隆县黔西南布依族苗族自治州
50%
民权县商丘市
50%
灵山县钦州市
50%
陇西县定西市
50%
布尔津县阿勒泰地区
50%
香格里拉市迪庆藏族自治州
50%
德钦县迪庆藏族自治州
50%
清新区清远市
50%
治多县玉树藏族自治州
50%
夏津县德州市
50%
红塔区玉溪市
50%
道真仡佬族苗族自治县遵义市
50%
陵城区德州市
50%
南澳县汕头市
50%
金平区汕头市
50%
中江县德阳市
50%
江川区玉溪市
50%
温宿县阿克苏地区
50%
鼓楼区南京市|徐州市|福州市|开封市
50%
邹平市滨州市
50%
宕昌县陇南市
50%
桂平市贵港市
50%
长寿区重庆市
50%
滦州市唐山市
50%
伊美区伊春市
50%
秀英区海口市
50%
覃塘区贵港市
50%
迁西县唐山市
50%
同德县海南藏族自治州
50%
裕民县塔城地区
50%
蓬溪县遂宁市
50%
二道区长春市
50%
德惠市长春市
50%
柳南区柳州市
50%
汪清县延边朝鲜族自治州
50%
柳城县柳州市
50%
丛台区邯郸市
50%
汤旺县伊春市
50%
酉阳土家族苗族自治县重庆市
50%
肥乡区邯郸市
50%
上杭县龙岩市
50%
尚志市哈尔滨市
50%
平房区哈尔滨市
50%
龙井市延边朝鲜族自治州
50%
东台市盐城市
50%
瀍河回族区洛阳市
50%
亭湖区盐城市
50%
郫都区成都市
50%
延川县延安市
50%
青羊区成都市
50%
丰润区唐山市
50%
宜川县延安市
50%
温岭市台州市
50%
七星区桂林市
50%
交口县吕梁市
50%
利辛县亳州市
50%
大英县遂宁市
50%
安塞区延安市
50%
雨花区长沙市
50%
岚山区日照市
50%
宁都县赣州市
50%
福山区烟台市
50%
荥经县雅安市
50%
江北区重庆市|宁波市
50%
费县临沂市
50%
隆德县固原市
50%
且末县巴音郭楞蒙古自治州
50%
望奎县绥化市
50%
章贡区赣州市
50%
库尔勒市巴音郭楞蒙古自治州
50%
西乡县汉中市
50%
进贤县南昌市
50%
六合区南京市
50%
青山湖区南昌市
50%
三台县绵阳市
50%
涉县邯郸市
50%
上犹县赣州市
50%
巴林右旗赤峰市
50%
右江区百色市
50%
红桥区天津市
50%
云霄县漳州市
50%
随县随州市
50%
奎屯市伊犁哈萨克自治州
50%
贵池区池州市
50%
涪城区绵阳市
50%
平和县漳州市
50%
五华县梅州市
50%
苍溪县广元市
50%
遵化市唐山市
50%
山阴县朔州市
50%
鱼峰区柳州市
40%
万源市达州市
40%
桐乡市嘉兴市
40%
谷城县襄阳市
40%
融水苗族自治县柳州市
40%
九原区包头市
33%
集安市通化市
33%
长汀县龙岩市
33%
衢江区衢州市
33%
清流县三明市
33%
阳谷县聊城市
33%
水城区六盘水市
33%
海宁市嘉兴市
33%
惠安县泉州市
33%
沧源佤族自治县临沧市
33%
惠民县滨州市
33%
云县临沧市
33%
独山子区克拉玛依市
33%
黄岩区台州市
33%
霍林郭勒市通辽市
33%
穆棱市牡丹江市
33%
定安县直辖
33%
平坝区安顺市
33%
盐田区深圳市
33%
洪湖市荆州市
33%
沙市区荆州市
33%
大洼区盘锦市
33%
安州区绵阳市
33%
彭泽县九江市
33%
泗县宿州市
33%
安丘市潍坊市
33%
新乐市石家庄市
33%
华阴市渭南市
33%
图木舒克市直辖
33%
襄汾县临汾市
33%
龙港市温州市
33%
怀仁市朔州市
33%
海南区乌海市
33%
通许县开封市
33%
金口河区乐山市
33%
华坪县丽江市
33%
礼县陇南市
33%
尖草坪区太原市
33%
商州区商洛市
33%
文县陇南市
33%
眉县宝鸡市
33%
福泉市黔南布依族苗族自治州
33%
孟津区洛阳市
33%
嵩县洛阳市
33%
伊川县洛阳市
33%
三穗县黔东南苗族侗族自治州
33%
柳林县吕梁市
33%
城厢区莆田市
33%
隆阳区保山市
33%
本溪满族自治县本溪市
33%
庆元县丽水市
33%
信州区上饶市
33%
镜湖区芜湖市
33%
定兴县保定市
33%
新丰县韶关市
33%
浈江区韶关市
33%
范县濮阳市
33%
项城市周口市
33%
鸠江区芜湖市
33%
招远市烟台市
33%
任丘市沧州市
33%
道外区哈尔滨市
33%
余江区鹰潭市
33%
西塞山区黄石市
33%
南靖县漳州市
33%
新巴尔虎右旗呼伦贝尔市
33%
罗定市云浮市
33%
乌审旗鄂尔多斯市
33%
云冈区大同市
33%
五峰土家族自治县宜昌市
33%
鄄城县菏泽市
33%
泊头市沧州市
33%
南岗区哈尔滨市
33%
定陶区菏泽市
33%
鄂托克旗鄂尔多斯市
33%
河口区东营市
33%
温泉县博尔塔拉蒙古自治州
33%
元江哈尼族彝族傣族自治县玉溪市
33%
盈江县德宏傣族景颇族自治州
33%
湘桥区潮州市
33%
八公山区淮南市
33%
开远市红河哈尼族彝族自治州
33%
宁津县德州市
33%
东源县河源市
33%
榆树市长春市
33%
南宫市邢台市
33%
循化撒拉族自治县海东市
33%
樊城区襄阳市
33%
金湖县淮安市
33%
金城江区河池市
33%
兴国县赣州市
33%
昭化区广元市
33%
岢岚县忻州市
33%
信都区邢台市
33%
福清市福州市
33%
阳东区阳江市
33%
山亭区枣庄市
33%
昭阳区昭通市
33%
正镶白旗锡林郭勒盟
33%
托克托县呼和浩特市
33%
太和县阜阳市
33%
上思县防城港市
33%
吉安县吉安市
33%
广宗县邢台市
33%
蒙城县亳州市
33%
闻喜县运城市
33%
易门县玉溪市
25%
禄丰市楚雄彝族自治州
25%
洛隆县昌都市
25%
白玉县甘孜藏族自治州
25%
安多县那曲市
25%
吴川市湛江市
25%
市中区济南市|乐山市|枣庄市|内江市
25%
凤冈县遵义市
25%
南陵县芜湖市
25%
克山县齐齐哈尔市
25%
台江县黔东南苗族侗族自治州
25%
繁昌区芜湖市
25%
赞皇县石家庄市
25%
零陵区永州市
25%
定远县滁州市
25%
礼泉县咸阳市
25%
邳州市徐州市
25%
兴业县玉林市
25%
顺昌县南平市
25%
颍上县阜阳市
25%
长垣市新乡市
25%
滦平县承德市
25%
电白区茂名市
25%
江岸区武汉市
25%
凌源市朝阳市
25%
通江县巴中市
25%
错那市山南市
25%
安国市保定市
25%
青冈县绥化市
25%
墨玉县和田地区
25%
咸安区咸宁市
25%
横峰县上饶市
25%
金堂县成都市
25%
大新县崇左市
25%
乐陵市德州市
20%
凤山县河池市
20%
裕安区六安市
20%
桃城区衡水市
20%
博乐市博尔塔拉蒙古自治州
20%
卓尼县甘南藏族自治州
20%
镇安县商洛市
20%
开鲁县通辽市
20%
太仆寺旗锡林郭勒盟
20%
桥西区石家庄市|张家口市
0%
长阳土家族自治县宜昌市
0%
饶河县双鸭山市
0%
枝江市宜昌市
0%
大武口区石嘴山市
0%
惠农区石嘴山市
0%
友谊县双鸭山市
0%
尖山区双鸭山市
0%
集贤县双鸭山市
0%
丰城市宜春市
0%
四方台区双鸭山市
0%
奉新县宜春市
0%
平罗县石嘴山市
0%
岭东区双鸭山市
0%
多伦县锡林郭勒盟
0%
新华区石家庄市|平顶山市|沧州市
0%
荷塘区株洲市
0%
香洲区珠海市
0%
高邑县石家庄市
0%
竹溪县十堰市
0%
宜丰县宜春市
0%
茶陵县株洲市
0%
涿鹿县张家口市
0%
张湾区十堰市
0%
晋州市石家庄市
0%
袁州区宜春市
0%
醴陵市株洲市
0%
茅箭区十堰市
0%
房县十堰市
0%
赫山区益阳市
0%
和平区沈阳市|天津市
0%
铁西区沈阳市|鞍山市|四平市
0%
藁城区石家庄市
0%
井陉矿区石家庄市
0%
西华县周口市
0%
斗门区珠海市
0%
正定县石家庄市
0%
民乐县张掖市
0%
临泽县张掖市
0%
靖安县宜春市
0%
元氏县石家庄市
0%
上高县宜春市
0%
行唐县石家庄市
0%
万载县宜春市
0%
铜鼓县宜春市
0%
高台县张掖市
0%
深泽县石家庄市
0%
平山县石家庄市
0%
栾城区石家庄市
0%
金湾区珠海市
0%
灵寿县石家庄市
0%
东山县漳州市
0%
乾安县松原市
0%
远安县宜昌市
0%
翠屏区宜宾市
0%
尼勒克县伊犁哈萨克自治州
0%
新源县伊犁哈萨克自治州
0%
广水市随州市
0%
曾都区随州市
0%
伊宁县伊犁哈萨克自治州
0%
肇东市绥化市
0%
昭苏县伊犁哈萨克自治州
0%
绥棱县绥化市
0%
长泰区漳州市
0%
高县宜宾市
0%
庆安县绥化市
0%
明水县绥化市
0%
兰西县绥化市
0%
海伦市绥化市
0%
北林区绥化市
0%
安达市绥化市
0%
芗城区漳州市
0%
安居区遂宁市
0%
珙县宜宾市
0%
铁力市伊春市
0%
大箐山县伊春市
0%
丰林县伊春市
0%
嘉荫县伊春市
0%
乌苏市塔城地区
0%
金林区伊春市
0%
南岔县伊春市
0%
托里县塔城地区
0%
云阳县重庆市
0%
船山区遂宁市
0%
乌翠区伊春市
0%
沙湾市塔城地区
0%
察布查尔锡伯自治县伊犁哈萨克自治州
0%
额敏县塔城地区
0%
射洪市遂宁市
0%
滕州市枣庄市
0%
公主岭市长春市
0%
埇桥区宿州市
0%
萧县宿州市
0%
宜都市宜昌市
0%
点军区宜昌市
0%
前郭尔罗斯蒙古族自治县松原市
0%
宁江区松原市
0%
扶余市松原市
0%
伊通满族自治县四平市
0%
双辽市四平市
0%
梨树县四平市
0%
右玉县朔州市
0%
沈丘县周口市
0%
当阳市宜昌市
0%
伍家岗区宜昌市
0%
应县朔州市
0%
朔城区朔州市
0%
西陵区宜昌市
0%
猇亭区宜昌市
0%
平鲁区朔州市
0%
兴山县宜昌市
0%
长岭县松原市
0%
淮阳区周口市
0%
龙文区漳州市
0%
泗洪县宿迁市
0%
灵璧县宿州市
0%
江安县宜宾市
0%
砀山县宿州市
0%
南溪区宜宾市
0%
宿豫区宿迁市
0%
宿城区宿迁市
0%
泗阳县宿迁市
0%
屏山县宜宾市
0%
扶沟县周口市
0%
张家港市苏州市
0%
兴文县宜宾市
0%
吴中区苏州市
0%
叙州区宜宾市
0%
筠连县宜宾市
0%
川汇区周口市
0%
郸城县周口市
0%
长宁县宜宾市
0%
芦淞区株洲市
0%
诸暨市绍兴市
0%
新民市沈阳市
0%
通海县玉溪市
0%
陆河县汕尾市
0%
澄江市玉溪市
0%
赤水市遵义市
0%
峨山彝族自治县玉溪市
0%
华宁县玉溪市
0%
龙湖区汕头市
0%
濠江区汕头市
0%
红花岗区遵义市
0%
自流井区自贡市
0%
新平彝族傣族自治县玉溪市
0%
潮南区汕头市
0%
桑日县山南市
0%
曲松县山南市
0%
琼结县山南市
0%
汇川区遵义市
0%
华容县岳阳市
0%
洛扎县山南市
0%
丹凤县商洛市
0%
霞山区湛江市
0%
浪卡子县山南市
0%
武陵源区张家界市
0%
柘城县商丘市
0%
虞城县商丘市
0%
永城市商丘市
0%
夏邑县商丘市
0%
睢阳区商丘市
0%
永定区张家界市|龙岩市
0%
睢县商丘市
0%
宁陵县商丘市
0%
荣县自贡市
0%
洛南县商洛市
0%
称多县玉树藏族自治州
0%
桑植县张家界市
0%
柞水县商洛市
0%
慈利县张家界市
0%
徐闻县湛江市
0%
沿滩区自贡市
0%
商南县商洛市
0%
山阳县商洛市
0%
隆子县山南市
0%
加查县山南市
0%
容县玉林市
0%
永济市运城市
0%
尤溪县三明市
0%
永安市三明市
0%
夏县运城市
0%
泰宁县三明市
0%
峄城区枣庄市
0%
新绛县运城市
0%
盐湖区运城市
0%
宁化县三明市
0%
南沙区三沙市|广州市
0%
明溪县三明市
0%
将乐县三明市
0%
建宁县三明市
0%
大田县三明市
0%
垣曲县运城市
0%
余庆县遵义市
0%
卢氏县三门峡市
0%
灵宝市三门峡市
0%
西沙区三沙市
0%
万荣县运城市
0%
君山区岳阳市
0%
郁南县云浮市
0%
措美县山南市
0%
临湘市岳阳市
0%
平江县岳阳市
0%
麻章区湛江市
0%
雷州市湛江市
0%
绥阳县遵义市
0%
云溪区岳阳市
0%
新兴县云浮市
0%
云城区云浮市
0%
芮城县运城市
0%
河津市运城市
0%
务川仡佬族苗族自治县遵义市
0%
稷山县运城市
0%
临猗县运城市
0%
平陆县运城市
0%
崖州区三亚市
0%
天涯区三亚市
0%
吉阳区三亚市
0%
赤城县张家口市
0%
福绵区玉林市
0%
南县益阳市
0%
武冈市邵阳市
0%
平舆县驻马店市
0%
月湖区鹰潭市
0%
上虞区绍兴市
0%
蔚县张家口市
0%
大石桥市营口市
0%
老边区营口市
0%
新宁县邵阳市
0%
绥宁县邵阳市
0%
盂县阳泉市
0%
双清区邵阳市
0%
西市区营口市
0%
汝南县驻马店市
0%
邵东市邵阳市
0%
站前区营口市
0%
上蔡县驻马店市
0%
道县永州市
0%
隆回县邵阳市
0%
越城区绍兴市
0%
泌阳县驻马店市
0%
遂平县驻马店市
0%
攸县株洲市
0%
渌口区株洲市
0%
石峰区株洲市
0%
桃江县益阳市
0%
张北县张家口市
0%
天元区株洲市
0%
炎陵县株洲市
0%
浑南区沈阳市
0%
阳原县张家口市
0%
资阳区益阳市
0%
光明区深圳市
0%
宣化区张家口市
0%
法库县沈阳市
0%
大东区沈阳市
0%
金凤区银川市
0%
龙华区深圳市|海口市
0%
灵武市银川市
0%
坪山区深圳市
0%
兴庆区银川市
0%
洞口县邵阳市
0%
大祥区邵阳市
0%
北流市玉林市
0%
徐汇区上海市
0%
新田县永州市
0%
桥东区张家口市
0%
广丰区上饶市
0%
乐至县资阳市
0%
雁江区资阳市
0%
宝山区上海市|双鸭山市
0%
博山区淄博市
0%
定边县榆林市
0%
康保县张家口市
0%
万年县上饶市
0%
横山区榆林市
0%
沂源县淄博市
0%
靖边县榆林市
0%
米脂县榆林市
0%
怀来县张家口市
0%
神木市榆林市
0%
淄川区淄博市
0%
大安区自贡市
0%
正阳县驻马店市
0%
婺源县上饶市
0%
城步苗族自治县邵阳市
0%
翁源县韶关市
0%
东安县永州市
0%
北塔区邵阳市
0%
万全区张家口市
0%
西平县驻马店市
0%
江华瑶族自治县永州市
0%
江永县永州市
0%
武江区韶关市
0%
蓝山县永州市
0%
始兴县韶关市
0%
双牌县永州市
0%
尚义县张家口市
0%
仁化县韶关市
0%
曲江区韶关市
0%
新蔡县驻马店市
0%
宁远县永州市
0%
祁阳市永州市
0%
驿城区驻马店市
0%
弋阳县上饶市
0%
郊区阳泉市|佳木斯市|铜陵市
0%
阳曲县太原市
0%
临海市台州市
0%
五台县忻州市
0%
化德县乌兰察布市
0%
铁门关市直辖
0%
德庆县肇庆市
0%
镇雄县昭通市
0%
偏关县忻州市
0%
神池县忻州市
0%
丰镇市乌兰察布市
0%
五寨县忻州市
0%
湖滨区三门峡市
0%
察哈尔右翼前旗乌兰察布市
0%
原平市忻州市
0%
乌达区乌海市
0%
封丘县新乡市
0%
永善县昭通市
0%
海勃湾区乌海市
0%
砚山县文山壮族苗族自治州
0%
西畴县文山壮族苗族自治州
0%
宁武县忻州市
0%
双河市直辖
0%
五家渠市直辖
0%
定襄县忻州市
0%
孝南区孝感市
0%
应城市孝感市
0%
水磨沟区乌鲁木齐市
0%
保德县忻州市
0%
沙依巴克区乌鲁木齐市
0%
米东区乌鲁木齐市
0%
东方市直辖
0%
代县忻州市
0%
繁峙县忻州市
0%
集宁区乌兰察布市
0%
河曲县忻州市
0%
石河子市直辖
0%
静乐县忻州市
0%
卓资县乌兰察布市
0%
兴和县乌兰察布市
0%
四子王旗乌兰察布市
0%
商都县乌兰察布市
0%
凉城县乌兰察布市
0%
彝良县昭通市
0%
文山市文山壮族苗族自治州
0%
头屯河区乌鲁木齐市
0%
渝水区新余市
0%
苍南县温州市
0%
潼关县渭南市
0%
蒲城县渭南市
0%
原阳县新乡市
0%
陵水黎族自治县直辖
0%
分宜县新余市
0%
绥江县昭通市
0%
合阳县渭南市
0%
固始县信阳市
0%
洞头区温州市
0%
大荔县渭南市
0%
澄城县渭南市
0%
光山县信阳市
0%
水富市昭通市
0%
琼海市直辖
0%
诸城市潍坊市
0%
淮滨县信阳市
0%
潢川县信阳市
0%
临高县直辖
0%
延津县新乡市
0%
丘北县文山壮族苗族自治州
0%
盐津县昭通市
0%
凤泉区新乡市
0%
红旗区新乡市
0%
麻栗坡县文山壮族苗族自治州
0%
广南县文山壮族苗族自治州
0%
富宁县文山壮族苗族自治州
0%
新星市直辖
0%
文成县温州市
0%
获嘉县新乡市
0%
泰顺县温州市
0%
新乡县新乡市
0%
瑞安市温州市
0%
乐东黎族自治县直辖
0%
平阳县温州市
0%
牧野区新乡市
0%
威信县昭通市
0%
瓯海区温州市
0%
卫辉市新乡市
0%
龙湾区温州市
0%
天山区乌鲁木齐市
0%
孝昌县孝感市
0%
寿光市潍坊市
0%
高陵区西安市
0%
阎良区西安市
0%
未央区西安市
0%
泾阳县咸阳市
0%
中原区郑州市
0%
乾县咸阳市
0%
秦都区咸阳市
0%
三原县咸阳市
0%
阿拉尔市直辖
0%
周至县西安市
0%
渭城区咸阳市
0%
灞桥区西安市
0%
天祝藏族自治县武威市
0%
民勤县武威市
0%
扬中市镇江市
0%
白杨市直辖
0%
新洲区武汉市
0%
武昌区武汉市
0%
雁塔区西安市
0%
淳化县咸阳市
0%
北屯市直辖
0%
景洪市西双版纳傣族自治州
0%
苏尼特右旗锡林郭勒盟
0%
阿巴嘎旗锡林郭勒盟
0%
镶黄旗锡林郭勒盟
0%
正蓝旗锡林郭勒盟
0%
赤壁市咸宁市
0%
崇阳县咸宁市
0%
嘉鱼县咸宁市
0%
通城县咸宁市
0%
城中区西宁市|柳州市
0%
长安区西安市|石家庄市
0%
金水区郑州市
0%
二七区郑州市
0%
新密市郑州市
0%
大通回族土族自治县西宁市
0%
城西区西宁市
0%
通山县咸宁市
0%
城东区西宁市
0%
城北区西宁市
0%
硚口区武汉市
0%
江汉区武汉市
0%
安陆市孝感市
0%
新吴区无锡市
0%
泸溪县湘西土家族苗族自治州
0%
弋江区芜湖市
0%
无为市芜湖市
0%
湾沚区芜湖市
0%
台儿庄区枣庄市
0%
昆玉市直辖
0%
封开县肇庆市
0%
宜兴市无锡市
0%
锡山区无锡市
0%
利通区吴忠市
0%
梁溪区无锡市
0%
南漳县襄阳市
0%
襄城区襄阳市
0%
惠山区无锡市
0%
澄迈县直辖
0%
滨湖区无锡市
0%
新市区乌鲁木齐市
0%
宜城市襄阳市
0%
红寺堡区吴忠市
0%
龙山县湘西土家族苗族自治州
0%
黄陂区武汉市
0%
长洲区梧州市
0%
胡杨河市直辖
0%
永寿县咸阳市
0%
长武县咸阳市
0%
韶山市湘潭市
0%
白沙黎族自治县直辖
0%
汉南区武汉市
0%
雨湖区湘潭市
0%
蔡甸区武汉市
0%
岳塘区湘潭市
0%
同心县吴忠市
0%
丹徒区镇江市
0%
藤县梧州市
0%
蒙山县梧州市
0%
龙圩区梧州市
0%
保靖县湘西土家族苗族自治州
0%
古丈县湘西土家族苗族自治州
0%
高要区肇庆市
0%
盐池县吴忠市
0%
罗山县信阳市
0%
青州市潍坊市
0%
路桥区台州市
0%
滦南县唐山市
0%
玉田县唐山市
0%
开福区长沙市
0%
甘泉县延安市
0%
迁安市唐山市
0%
黄陵县延安市
0%
芙蓉区长沙市
0%
南川区重庆市
0%
延长县延安市
0%
南岸区重庆市
0%
路北区唐山市
0%
乐亭县唐山市
0%
开平区唐山市
0%
古冶区唐山市
0%
子长市延安市
0%
安图县延边朝鲜族自治州
0%
彭水苗族土家族自治县重庆市
0%
敦化市延边朝鲜族自治州
0%
宁乡市长沙市
0%
栖霞市烟台市
0%
兴化市泰州市
0%
涪陵区重庆市
0%
垫江县重庆市
0%
宁河区天津市
0%
南开区天津市
0%
丰都县重庆市
0%
津南区天津市
0%
壶关县长治市
0%
宝兴县雅安市
0%
河西区天津市
0%
汉源县雅安市
0%
牟平区烟台市
0%
名山区雅安市
0%
石棉县雅安市
0%
滨海新区天津市
0%
雨城区雅安市
0%
海阳市烟台市
0%
九龙坡区重庆市
0%
莱州市烟台市
0%
龙口市烟台市
0%
和龙市延边朝鲜族自治州
0%
珲春市延边朝鲜族自治州
0%
黎城县长治市
0%
娄烦县太原市
0%
广陵区扬州市
0%
邗江区扬州市
0%
万柏林区太原市
0%
绿园区长春市
0%
清徐县太原市
0%
宽城区长春市
0%
武隆区重庆市
0%
仪征市扬州市
0%
晋源区太原市
0%
小店区太原市
0%
江城区阳江市
0%
古交市太原市
0%
玉环市台州市
0%
仙居县台州市
0%
阳春市阳江市
0%
天台县台州市
0%
三门县台州市
0%
阳西县阳江市
0%
南关区长春市
0%
杏花岭区太原市
0%
泰兴市泰州市
0%
新泰市泰安市
0%
双阳区长春市
0%
靖江市泰州市
0%
荣昌区重庆市
0%
延吉市延边朝鲜族自治州
0%
滨海县盐城市
0%
海陵区泰州市
0%
高港区泰州市
0%
石柱土家族自治县重庆市
0%
大丰区盐城市
0%
农安县长春市
0%
铜梁区重庆市
0%
宁阳县泰安市
0%
阜宁县盐城市
0%
肥城市泰安市
0%
东平县泰安市
0%
潼南区重庆市
0%
建湖县盐城市
0%
射阳县盐城市
0%
宁国市宣城市
0%
泾县宣城市
0%
平桥区信阳市
0%
思南县铜仁市
0%
临城县邢台市
0%
内丘县邢台市
0%
宁晋县邢台市
0%
玉屏侗族自治县铜仁市
0%
印江土家族苗族自治县铜仁市
0%
沿河土家族自治县铜仁市
0%
万山区铜仁市
0%
松桃苗族自治县铜仁市
0%
沙河市邢台市
0%
高昌区吐鲁番市
0%
威县邢台市
0%
沙坡头区中卫市
0%
襄都区邢台市
0%
江口县铜仁市
0%
德江县铜仁市
0%
碧江区铜仁市
0%
新河县邢台市
0%
铜官区铜陵市
0%
仙桃市直辖
0%
巨鹿县邢台市
0%
阿尔山市兴安盟
0%
文昌市直辖
0%
奎文区潍坊市
0%
寒亭区潍坊市
0%
天门市直辖
0%
屯昌县直辖
0%
商城县信阳市
0%
高密市潍坊市
0%
浉河区信阳市
0%
息县信阳市
0%
新县信阳市
0%
托克逊县吐鲁番市
0%
柏乡县邢台市
0%
昌邑市潍坊市
0%
昌乐县潍坊市
0%
五指山市直辖
0%
乳山市威海市
0%
荣成市威海市
0%
巧家县昭通市
0%
环翠区威海市
0%
枞阳县铜陵市
0%
宜君县铜川市
0%
甘谷县天水市
0%
沁县长治市
0%
襄城县许昌市
0%
清河区铁岭市
0%
上党区长治市
0%
鄢陵县许昌市
0%
禹州市许昌市
0%
沁源县长治市
0%
长葛市许昌市
0%
璧山区重庆市
0%
平顺县长治市
0%
西丰县铁岭市
0%
城口县重庆市
0%
张家川回族自治县天水市
0%
武山县天水市
0%
潞州区长治市
0%
大渡口区重庆市
0%
潞城区长治市
0%
秦安县天水市
0%
麦积区天水市
0%
铁岭县铁岭市
0%
屯留区长治市
0%
耀州区铜川市
0%
长子县长治市
0%
中宁县中卫市
0%
王益区铜川市
0%
大关县昭通市
0%
突泉县兴安盟
0%
乌兰浩特市兴安盟
0%
扎赉特旗兴安盟
0%
丰县徐州市
0%
科尔沁区通辽市
0%
通化县通化市
0%
银州区铁岭市
0%
梅河口市通化市
0%
柳河县通化市
0%
北碚区重庆市
0%
襄垣县长治市
0%
武乡县长治市
0%
辉南县通化市
0%
二道江区通化市
0%
东昌区通化市
0%
岳麓区长沙市
0%
梓潼县绵阳市
0%
五莲县日照市
0%
九龙县甘孜藏族自治州
0%
信丰县赣州市
0%
石城县赣州市
0%
瑞金市赣州市
0%
南康区赣州市
0%
龙南市赣州市
0%
会昌县赣州市
0%
定南县赣州市
0%
安远县赣州市
0%
雅江县甘孜藏族自治州
0%
新龙县甘孜藏族自治州
0%
乡城县甘孜藏族自治州
0%
色达县甘孜藏族自治州
0%
炉霍县甘孜藏族自治州
0%
康定市甘孜藏族自治州
0%
甘孜县甘孜藏族自治州
0%
于都县赣州市
0%
得荣县甘孜藏族自治州
0%
道孚县甘孜藏族自治州
0%
丹巴县甘孜藏族自治州
0%
巴塘县甘孜藏族自治州
0%
玛曲县甘南藏族自治州
0%
临潭县甘南藏族自治州
0%
迭部县甘南藏族自治州
0%
颍州区阜阳市
0%
颍泉区阜阳市
0%
临泉县阜阳市
0%
界首市阜阳市
0%
阜南县阜阳市
0%
新邱区阜新市
0%
细河区阜新市
0%
寻乌县赣州市
0%
泾源县固原市
0%
清河门区阜新市
0%
平南县贵港市
0%
灵川县桂林市
0%
临桂区桂林市
0%
荔浦市桂林市
0%
灌阳县桂林市
0%
恭城瑶族自治县桂林市
0%
叠彩区桂林市
0%
云岩区贵阳市
0%
修文县贵阳市
0%
息烽县贵阳市
0%
乌当区贵阳市
0%
清镇市贵阳市
0%
南明区贵阳市
0%
开阳县贵阳市
0%
观山湖区贵阳市
0%
港北区贵港市
0%
彭阳县固原市
0%
增城区广州市
0%
荔湾区广州市
0%
从化区广州市
0%
旺苍县广元市
0%
青川县广元市
0%
利州区广元市
0%
朝天区广元市
0%
岳池县广安市
0%
武胜县广安市
0%
前锋区广安市
0%
邻水县广安市
0%
华蓥市广安市
0%
原州区固原市
0%
西吉县固原市
0%
太平区阜新市
0%
宜黄县抚州市
0%
平乐县桂林市
0%
齐河县德州市
0%
杭锦旗鄂尔多斯市
0%
鄂托克前旗鄂尔多斯市
0%
东胜区鄂尔多斯市
0%
达拉特旗鄂尔多斯市
0%
垦利区东营市
0%
漳县定西市
0%
渭源县定西市
0%
通渭县定西市
0%
岷县定西市
0%
临洮县定西市
0%
安定区定西市
0%
维西傈僳族自治县迪庆藏族自治州
0%
禹城市德州市
0%
庆云县德州市
0%
平原县德州市
0%
鄂城区鄂州市
0%
临邑县德州市
0%
什邡市德阳市
0%
绵竹市德阳市
0%
罗江区德阳市
0%
旌阳区德阳市
0%
梁河县德宏傣族景颇族自治州
0%
振兴区丹东市
0%
振安区丹东市
0%
元宝区丹东市
0%
凤城市丹东市
0%
东港市丹东市
0%
漠河市大兴安岭地区
0%
左云县大同市
0%
云州区大同市
0%
准格尔旗鄂尔多斯市
0%
华容区鄂州市
0%
南丰县抚州市
0%
长乐区福州市
0%
南城县抚州市
0%
临川区抚州市
0%
黎川县抚州市
0%
乐安县抚州市
0%
金溪县抚州市
0%
广昌县抚州市
0%
东乡区抚州市
0%
崇仁县抚州市
0%
新抚区抚顺市
0%
新宾满族自治县抚顺市
0%
望花区抚顺市
0%
顺城区抚顺市
0%
清原满族自治县抚顺市
0%
东洲区抚顺市
0%
永泰县福州市
0%
梁子湖区鄂州市
0%
台江区福州市
0%
闽侯县福州市
0%
马尾区福州市
0%
连江县福州市
0%
晋安区福州市
0%
顺德区佛山市
0%
南海区佛山市
0%
禅城区佛山市
0%
防城区防城港市
0%
东兴市防城港市
0%
宣恩县恩施土家族苗族自治州
0%
咸丰县恩施土家族苗族自治州
0%
建始县恩施土家族苗族自治州
0%
鹤峰县恩施土家族苗族自治州
0%
龙胜各族自治县桂林市
0%
全州县桂林市
0%
新荣区大同市
0%
富川瑶族自治县贺州市
0%
孙吴县黑河市
0%
嫩江市黑河市
0%
北安市黑河市
0%
兴山区鹤岗市
0%
兴安区鹤岗市
0%
萝北县鹤岗市
0%
工农区鹤岗市
0%
东山区鹤岗市
0%
山城区鹤壁市
0%
淇县鹤壁市
0%
淇滨区鹤壁市
0%
鹤山区鹤壁市
0%
钟山县贺州市
0%
平桂区贺州市
0%
八步区贺州市
0%
安平县衡水市
0%
郓城县菏泽市
0%
巨野县菏泽市
0%
东明县菏泽市
0%
成武县菏泽市
0%
紫金县河源市
0%
源城区河源市
0%
龙川县河源市
0%
和平县河源市
0%
天峨县河池市
0%
罗城仫佬族自治县河池市
0%
环江毛南族自治县河池市
0%
都安瑶族自治县河池市
0%
东兰县河池市
0%
大化瑶族自治县河池市
0%
逊克县黑河市
0%
阜城县衡水市
0%
于田县和田地区
0%
个旧市红河哈尼族彝族自治州
0%
新巴尔虎左旗呼伦贝尔市
0%
根河市呼伦贝尔市
0%
新城区呼和浩特市|西安市
0%
玉泉区呼和浩特市
0%
赛罕区呼和浩特市
0%
回民区呼和浩特市
0%
和林格尔县呼和浩特市
0%
元阳县红河哈尼族彝族自治州
0%
石屏县红河哈尼族彝族自治州
0%
绿春县红河哈尼族彝族自治州
0%
泸西县红河哈尼族彝族自治州
0%
金平苗族瑶族傣族自治县红河哈尼族彝族自治州
0%
建水县红河哈尼族彝族自治州
0%
河口瑶族自治县红河哈尼族彝族自治州
0%
珠晖区衡阳市
0%
故城县衡水市
0%
蒸湘区衡阳市
0%
雁峰区衡阳市
0%
石鼓区衡阳市
0%
祁东县衡阳市
0%
南岳区衡阳市
0%
衡阳县衡阳市
0%
衡山县衡阳市
0%
衡南县衡阳市
0%
常宁市衡阳市
0%
枣强县衡水市
0%
武强县衡水市
0%
深州市衡水市
0%
饶阳县衡水市
0%
景县衡水市
0%
巴马瑶族自治县河池市
0%
民丰县和田地区
0%
象山区桂林市
0%
松北区哈尔滨市
0%
琼山区海口市
0%
平安区海东市
0%
民和回族土族自治县海东市
0%
乐都区海东市
0%
化隆回族自治县海东市
0%
门源回族自治县海北藏族自治州
0%
海晏县海北藏族自治州
0%
刚察县海北藏族自治州
0%
伊吾县哈密市
0%
巴里坤哈萨克自治县哈密市
0%
依兰县哈尔滨市
0%
延寿县哈尔滨市
0%
五常市哈尔滨市
0%
通河县哈尔滨市
0%
双城区哈尔滨市
0%
贵德县海南藏族自治州
0%
木兰县哈尔滨市
0%
呼兰区哈尔滨市
0%
方正县哈尔滨市
0%
宾县哈尔滨市
0%
巴彦县哈尔滨市
0%
玛沁县果洛藏族自治州
0%
玛多县果洛藏族自治州
0%
久治县果洛藏族自治州
0%
甘德县果洛藏族自治州
0%
达日县果洛藏族自治州
0%
资源县桂林市
0%
永福县桂林市
0%
雁山区桂林市
0%
兴安县桂林市
0%
共和县海南藏族自治州
0%
贵南县海南藏族自治州
0%
洛浦县和田地区
0%
汉台区汉中市
0%
策勒县和田地区
0%
瑶海区合肥市
0%
庐阳区合肥市
0%
包河区合肥市
0%
上城区杭州市
0%
钱塘区杭州市
0%
临平区杭州市
0%
建德市杭州市
0%
拱墅区杭州市
0%
镇巴县汉中市
0%
洋县汉中市
0%
南郑区汉中市
0%
勉县汉中市
0%
留坝县汉中市
0%
城固县汉中市
0%
兴海县海南藏族自治州
0%
复兴区邯郸市
0%
都兰县海西蒙古族藏族自治州
0%
格尔木市海西蒙古族藏族自治州
0%
天峻县海西蒙古族藏族自治州
0%
乌兰县海西蒙古族藏族自治州
0%
成安县邯郸市
0%
磁县邯郸市
0%
馆陶县邯郸市
0%
永年区邯郸市
0%
广平县邯郸市
0%
邯山区邯郸市
0%
邱县邯郸市
0%
曲周县邯郸市
0%
魏县邯郸市
0%
武安市邯郸市
0%
阳高县大同市
0%
天镇县大同市
0%
建昌县葫芦岛市
0%
隆林各族自治县百色市
0%
昆都仑区包头市
0%
固阳县包头市
0%
东河区包头市
0%
达尔罕茂明安联合旗包头市
0%
白云鄂博矿区包头市
0%
禹会区蚌埠市
0%
五河县蚌埠市
0%
淮上区蚌埠市
0%
固镇县蚌埠市
0%
西林县百色市
0%
田阳区百色市
0%
田林县百色市
0%
田东县百色市
0%
那坡县百色市
0%
凌云县百色市
0%
青山区包头市|武汉市
0%
乐业县百色市
0%
靖西市百色市
0%
德保县百色市
0%
平川区白银市
0%
靖远县白银市
0%
景泰县白银市
0%
会宁县白银市
0%
临江市白山市
0%
靖宇县白山市
0%
江源区白山市
0%
浑江区白山市
0%
抚松县白山市
0%
镇赉县白城市
0%
洮南市白城市
0%
石拐区包头市
0%
金台区宝鸡市
0%
大安市白城市
0%
昌宁县保山市
0%
南芬区本溪市
0%
明山区本溪市
0%
朝阳区北京市|长春市
0%
延庆区北京市
0%
石景山区北京市
0%
密云区北京市
0%
怀柔区北京市
0%
丰台区北京市
0%
东城区北京市
0%
银海区北海市
0%
合浦县北海市
0%
海城区北海市
0%
施甸县保山市
0%
龙陵县保山市
0%
易县保定市
0%
岐山县宝鸡市
0%
望都县保定市
0%
唐县保定市
0%
顺平县保定市
0%
清苑区保定市
0%
满城区保定市
0%
莲池区保定市
0%
蠡县保定市
0%
涞水县保定市
0%
竞秀区保定市
0%
高碑店市保定市
0%
定州市保定市
0%
博野县保定市
0%
安新县保定市
0%
千阳县宝鸡市
0%
洮北区白城市
0%
平昌县巴中市
0%
溪湖区本溪市
0%
富蕴县阿勒泰地区
0%
镇坪县安康市
0%
旬阳市安康市
0%
石泉县安康市
0%
平利县安康市
0%
岚皋县安康市
0%
汉阴县安康市
0%
汉滨区安康市
0%
白河县安康市
0%
札达县阿里地区
0%
普兰县阿里地区
0%
革吉县阿里地区
0%
改则县阿里地区
0%
青河县阿勒泰地区
0%
吉木乃县阿勒泰地区
0%
阿勒泰市阿勒泰地区
0%
怀宁县安庆市
0%
额济纳旗阿拉善盟
0%
阿拉善左旗阿拉善盟
0%
阿拉善右旗阿拉善盟
0%
新和县阿克苏地区
0%
乌什县阿克苏地区
0%
沙雅县阿克苏地区
0%
库车市阿克苏地区
0%
柯坪县阿克苏地区
0%
阿克苏市阿克苏地区
0%
小金县阿坝藏族羌族自治州
0%
若尔盖县阿坝藏族羌族自治州
0%
壤塘县阿坝藏族羌族自治州
0%
茂县阿坝藏族羌族自治州
0%
金川县阿坝藏族羌族自治州
0%
紫阳县安康市
0%
潜山市安庆市
0%
南江县巴中市
0%
立山区鞍山市
0%
恩阳区巴中市
0%
巴州区巴中市
0%
轮台县巴音郭楞蒙古自治州
0%
和硕县巴音郭楞蒙古自治州
0%
和静县巴音郭楞蒙古自治州
0%
博湖县巴音郭楞蒙古自治州
0%
五原县巴彦淖尔市
0%
乌拉特中旗巴彦淖尔市
0%
乌拉特前旗巴彦淖尔市
0%
乌拉特后旗巴彦淖尔市
0%
临河区巴彦淖尔市
0%
杭锦后旗巴彦淖尔市
0%
岫岩满族自治县鞍山市
0%
台安县鞍山市
0%
海城市鞍山市
0%
太湖县安庆市
0%
镇宁布依族苗族自治县安顺市
0%
桐城市安庆市
0%
望江县安庆市
0%
宜秀区安庆市
0%
迎江区安庆市
0%
岳西县安庆市
0%
关岭布依族苗族自治县安顺市
0%
紫云苗族布依族自治县安顺市
0%
文峰区安阳市
0%
安阳县安阳市
0%
北关区安阳市
0%
滑县安阳市
0%
林州市安阳市
0%
龙安区安阳市
0%
内黄县安阳市
0%
平山区本溪市
0%
大方县毕节市
0%
平城区大同市
0%
元宝山区赤峰市
0%
南华县楚雄彝族自治州
0%
牟定县楚雄彝族自治州
0%
大姚县楚雄彝族自治州
0%
楚雄市楚雄彝族自治州
0%
全椒县滁州市
0%
南谯区滁州市
0%
琅琊区滁州市
0%
来安县滁州市
0%
凤阳县滁州市
0%
天等县崇左市
0%
宁明县崇左市
0%
龙州县崇左市
0%
江州区崇左市
0%
扶绥县崇左市
0%
翁牛特旗赤峰市
0%
武定县楚雄彝族自治州
0%
松山区赤峰市
0%
宁城县赤峰市
0%
林西县赤峰市
0%
喀喇沁旗赤峰市
0%
红山区赤峰市
0%
巴林左旗赤峰市
0%
敖汉旗赤峰市
0%
阿鲁科尔沁旗赤峰市
0%
石台县池州市
0%
青阳县池州市
0%
东至县池州市
0%
鹰手营子矿区承德市
0%
兴隆县承德市
0%
双桥区承德市
0%
双柏县楚雄彝族自治州
0%
姚安县楚雄彝族自治州
0%
隆化县承德市
0%
沙河口区大连市
0%
浑源县大同市
0%
广灵县大同市
0%
肇州县大庆市
0%
肇源县大庆市
0%
萨尔图区大庆市
0%
让胡路区大庆市
0%
龙凤区大庆市
0%
林甸县大庆市
0%
红岗区大庆市
0%
杜尔伯特蒙古族自治县大庆市
0%
大同区大庆市
0%
长海县大连市
0%
西岗区大连市
0%
瓦房店市大连市
0%
云龙县大理白族自治州
0%
永仁县楚雄彝族自治州
0%
永平县大理白族自治州
0%
漾濞彝族自治县大理白族自治州
0%
祥云县大理白族自治州
0%
南涧彝族自治县大理白族自治州
0%
弥渡县大理白族自治州
0%
剑川县大理白族自治州
0%
鹤庆县大理白族自治州
0%
洱源县大理白族自治州
0%
宾川县大理白族自治州
0%
通川区达州市
0%
渠县达州市
0%
大竹县达州市
0%
达川区达州市
0%
元谋县楚雄彝族自治州
0%
平泉市承德市
0%
宽城满族自治县承德市
0%
金沙县毕节市
0%
孟村回族自治县沧州市
0%
吉木萨尔县昌吉回族自治州
0%
呼图壁县昌吉回族自治州
0%
阜康市昌吉回族自治州
0%
左贡县昌都市
0%
芒康县昌都市
0%
类乌齐县昌都市
0%
卡若区昌都市
0%
贡觉县昌都市
0%
察雅县昌都市
0%
八宿县昌都市
0%
运河区沧州市
0%
盐山县沧州市
0%
献县沧州市
0%
南皮县沧州市
0%
黄骅市沧州市
0%
木垒哈萨克自治县昌吉回族自治州
0%
河间市沧州市
0%
海兴县沧州市
0%
东光县沧州市
0%
阿拉山口市博尔塔拉蒙古自治州
0%
涡阳县亳州市
0%
阳信县滨州市
0%
无棣县滨州市
0%
博兴县滨州市
0%
滨城区滨州市
0%
织金县毕节市
0%
威宁彝族回族苗族自治县毕节市
0%
黔西市毕节市
0%
七星关区毕节市
0%
纳雍县毕节市
0%
玛纳斯县昌吉回族自治州
0%
奇台县昌吉回族自治州
0%
丰宁满族自治县承德市
0%
嘉禾县郴州市
0%
承德县承德市
0%
温江区成都市
0%
邛崃市成都市
0%
蒲江县成都市
0%
彭州市成都市
0%
锦江区成都市
0%
简阳市成都市
0%
大邑县成都市
0%
崇州市成都市
0%
成华区成都市
0%
资兴市郴州市
0%
永兴县郴州市
0%
汝城县郴州市
0%
临武县郴州市
0%
桂阳县郴州市
0%
安乡县常德市
0%
钟楼区常州市
0%
汉寿县常德市
0%
石门县常德市
0%
桃源县常德市
0%
金坛区常州市
0%
溧阳市常州市
0%
天宁区常州市
0%
北票市朝阳市
0%
北湖区郴州市
0%
朝阳县朝阳市
0%
建平县朝阳市
0%
喀喇沁左翼蒙古族自治县朝阳市
0%
龙城区朝阳市
0%
饶平县潮州市
0%
安仁县郴州市
0%
牙克石市呼伦贝尔市
0%
连山区葫芦岛市
0%
莒县日照市
0%
栖霞区南京市
0%
邵武市南平市
0%
浦城县南平市
0%
建阳区南平市
0%
光泽县南平市
0%
邕宁区南宁市
0%
兴宁区南宁市
0%
西乡塘区南宁市
0%
上林县南宁市
0%
青秀区南宁市
0%
马山县南宁市
0%
隆安县南宁市
0%
宾阳县南宁市
0%
雨花台区南京市
0%
玄武区南京市
0%
浦口区南京市
0%
延平区南平市
0%
高淳区南京市
0%
营山县南充市
0%
仪陇县南充市
0%
西充县南充市
0%
顺庆区南充市
0%
蓬安县南充市
0%
南部县南充市
0%
阆中市南充市
0%
嘉陵区南充市
0%
高坪区南充市
0%
新建区南昌市
0%
青云谱区南昌市
0%
南昌县南昌市
0%
东湖区南昌市
0%
松溪县南平市
0%
政和县南平市
0%
索县那曲市
0%
资中县内江市
0%
福贡县怒江傈僳族自治州
0%
周宁县宁德市
0%
柘荣县宁德市
0%
霞浦县宁德市
0%
寿宁县宁德市
0%
屏南县宁德市
0%
蕉城区宁德市
0%
福鼎市宁德市
0%
福安市宁德市
0%
镇海区宁波市
0%
鄞州区宁波市
0%
象山县宁波市
0%
宁海县宁波市
0%
北仑区宁波市
0%
隆昌市内江市
0%
海门区南通市
0%
东兴区内江市
0%
新野县南阳市
0%
淅川县南阳市
0%
西峡县南阳市
0%
卧龙区南阳市
0%
宛城区南阳市
0%
桐柏县南阳市
0%
唐河县南阳市
0%
社旗县南阳市
0%
内乡县南阳市
0%
南召县南阳市
0%
方城县南阳市
0%
如东县南通市
0%
启东市南通市
0%
安义县南昌市
0%
双湖县那曲市
0%
兰坪白族普米族自治县怒江傈僳族自治州
0%
汝阳县洛阳市
0%
文水县吕梁市
0%
石楼县吕梁市
0%
临县吕梁市
0%
离石区吕梁市
0%
交城县吕梁市
0%
汾阳市吕梁市
0%
方山县吕梁市
0%
召陵区漯河市
0%
源汇区漯河市
0%
郾城区漯河市
0%
舞阳县漯河市
0%
临颍县漯河市
0%
宜阳县洛阳市
0%
西工区洛阳市
0%
栾川县洛阳市
0%
中阳县吕梁市
0%
老城区洛阳市
0%
涧西区洛阳市
0%
纳溪区泸州市
0%
龙马潭区泸州市
0%
江阳区泸州市
0%
合江县泸州市
0%
新化县娄底市
0%
双峰县娄底市
0%
涟源市娄底市
0%
西和县陇南市
0%
武都区陇南市
0%
康县陇南市
0%
徽县陇南市
0%
成县陇南市
0%
兴县吕梁市
0%
含山县马鞍山市
0%
申扎县那曲市
0%
黑水县阿坝藏族羌族自治州
0%
色尼区那曲市
0%
聂荣县那曲市
0%
尼玛县那曲市
0%
嘉黎县那曲市
0%
比如县那曲市
0%
巴青县那曲市
0%
阳明区牡丹江市
0%
绥芬河市牡丹江市
0%
宁安市牡丹江市
0%
林口县牡丹江市
0%
海林市牡丹江市
0%
东宁市牡丹江市
0%
东安区牡丹江市
0%
爱民区牡丹江市
0%
游仙区绵阳市
0%
和县马鞍山市
0%
青神县眉山市
0%
高州市茂名市
0%
茂南区茂名市
0%
信宜市茂名市
0%
丹棱县眉山市
0%
洪雅县眉山市
0%
彭山区眉山市
0%
仁寿县眉山市
0%
盐亭县绵阳市
0%
丰顺县梅州市
0%
平远县梅州市
0%
兴宁市梅州市
0%
北川羌族自治县绵阳市
0%
江油市绵阳市
0%
平武县绵阳市
0%
贡山独龙族怒族自治县怒江傈僳族自治州
0%
泸水市怒江傈僳族自治州
0%
武平县龙岩市
0%
黄岛区青岛市
0%
庆城县庆阳市
0%
宁县庆阳市
0%
环县庆阳市
0%
华池县庆阳市
0%
合水县庆阳市
0%
阳山县清远市
0%
清城区清远市
0%
连山壮族瑶族自治县清远市
0%
连南瑶族自治县清远市
0%
佛冈县清远市
0%
市北区青岛市
0%
李沧区青岛市
0%
崂山区青岛市
0%
即墨区青岛市
0%
城阳区青岛市
0%
正宁县庆阳市
0%
卢龙县秦皇岛市
0%
海港区秦皇岛市
0%
抚宁区秦皇岛市
0%
钦南区钦州市
0%
钦北区钦州市
0%
浦北县钦州市
0%
贞丰县黔西南布依族苗族自治州
0%
兴仁市黔西南布依族苗族自治州
0%
望谟县黔西南布依族苗族自治州
0%
普安县黔西南布依族苗族自治州
0%
安龙县黔西南布依族苗族自治州
0%
长顺县黔南布依族苗族自治州
0%
瓮安县黔南布依族苗族自治州
0%
三都水族自治县黔南布依族苗族自治州
0%
镇原县庆阳市
0%
富源县曲靖市
0%
罗甸县黔南布依族苗族自治州
0%
定结县日喀则市
0%
东港区日照市
0%
仲巴县日喀则市
0%
亚东县日喀则市
0%
谢通门县日喀则市
0%
桑珠孜区日喀则市
0%
萨迦县日喀则市
0%
萨嘎县日喀则市
0%
仁布县日喀则市
0%
聂拉木县日喀则市
0%
南木林县日喀则市
0%
拉孜县日喀则市
0%
康马县日喀则市
0%
吉隆县日喀则市
0%
定日县日喀则市
0%
白朗县日喀则市
0%
会泽县曲靖市
0%
昂仁县日喀则市
0%
石狮市泉州市
0%
南安市泉州市
0%
洛江区泉州市
0%
鲤城区泉州市
0%
丰泽区泉州市
0%
龙游县衢州市
0%
开化县衢州市
0%
江山市衢州市
0%
师宗县曲靖市
0%
麒麟区曲靖市
0%
马龙区曲靖市
0%
罗平县曲靖市
0%
陆良县曲靖市
0%
平塘县黔南布依族苗族自治州
0%
龙里县黔南布依族苗族自治州
0%
仁和区攀枝花市
0%
静宁县平凉市
0%
景东彝族自治县普洱市
0%
台前县濮阳市
0%
清丰县濮阳市
0%
南乐县濮阳市
0%
华龙区濮阳市
0%
荔城区莆田市
0%
涵江区莆田市
0%
湘东区萍乡市
0%
上栗县萍乡市
0%
芦溪县萍乡市
0%
莲花县萍乡市
0%
安源区萍乡市
0%
灵台县平凉市
0%
崆峒区平凉市
0%
泾川县平凉市
0%
墨江哈尼族自治县普洱市
0%
华亭市平凉市
0%
崇信县平凉市
0%
湛河区平顶山市
0%
叶县平顶山市
0%
舞钢市平顶山市
0%
卫东区平顶山市
0%
石龙区平顶山市
0%
汝州市平顶山市
0%
鲁山县平顶山市
0%
郏县平顶山市
0%
宝丰县平顶山市
0%
兴隆台区盘锦市
0%
双台子区盘锦市
0%
盐边县攀枝花市
0%
景谷傣族彝族自治县普洱市
0%
宁洱哈尼族彝族自治县普洱市
0%
惠水县黔南布依族苗族自治州
0%
铁锋区齐齐哈尔市
0%
贵定县黔南布依族苗族自治州
0%
独山县黔南布依族苗族自治州
0%
镇远县黔东南苗族侗族自治州
0%
施秉县黔东南苗族侗族自治州
0%
麻江县黔东南苗族侗族自治州
0%
黎平县黔东南苗族侗族自治州
0%
雷山县黔东南苗族侗族自治州
0%
锦屏县黔东南苗族侗族自治州
0%
剑河县黔东南苗族侗族自治州
0%
黄平县黔东南苗族侗族自治州
0%
丹寨县黔东南苗族侗族自治州
0%
从江县黔东南苗族侗族自治州
0%
岑巩县黔东南苗族侗族自治州
0%
依安县齐齐哈尔市
0%
泰来县齐齐哈尔市
0%
西盟佤族自治县普洱市
0%
拜泉县齐齐哈尔市
0%
镇沅彝族哈尼族拉祜族自治县普洱市
0%
勃利县七台河市
0%
茄子河区七台河市
0%
桃山区七台河市
0%
新兴区七台河市
0%
昂昂溪区齐齐哈尔市
0%
富拉尔基区齐齐哈尔市
0%
碾子山区齐齐哈尔市
0%
甘南县齐齐哈尔市
0%
建华区齐齐哈尔市
0%
克东县齐齐哈尔市
0%
龙江县齐齐哈尔市
0%
龙沙区齐齐哈尔市
0%
讷河市齐齐哈尔市
0%
新罗区龙岩市
0%
连城县龙岩市
0%
龙港区葫芦岛市
0%
开平市江门市
0%
榕城区揭阳市
0%
普宁市揭阳市
0%
中站区焦作市
0%
修武县焦作市
0%
温县焦作市
0%
山阳区焦作市
0%
沁阳市焦作市
0%
孟州市焦作市
0%
马村区焦作市
0%
解放区焦作市
0%
博爱县焦作市
0%
新会区江门市
0%
台山市江门市
0%
蓬江区江门市
0%
江海区江门市
0%
东阳市金华市
0%
秀洲区嘉兴市
0%
平湖市嘉兴市
0%
南湖区嘉兴市
0%
海盐县嘉兴市
0%
向阳区佳木斯市|鹤岗市
0%
同江市佳木斯市
0%
汤原县佳木斯市
0%
前进区佳木斯市
0%
桦南县佳木斯市
0%
富锦市佳木斯市
0%
抚远市佳木斯市
0%
济源市济源市
0%
兖州区济宁市
0%
汶上县济宁市
0%
永昌县金昌市
0%
金东区金华市
0%
任城区济宁市
0%
介休市晋中市
0%
昌江区景德镇市
0%
石首市荆州市
0%
江陵县荆州市
0%
监利市荆州市
0%
钟祥市荆门市
0%
沙洋县荆门市
0%
京山市荆门市
0%
东宝区荆门市
0%
昔阳县晋中市
0%
太谷区晋中市
0%
寿阳县晋中市
0%
祁县晋中市
0%
平遥县晋中市
0%
灵石县晋中市
0%
城区晋城市|汕尾市|阳泉市
0%
磐安县金华市
0%
泽州县晋城市
0%
阳城县晋城市
0%
沁水县晋城市
0%
陵川县晋城市
0%
义县锦州市
0%
太和区锦州市
0%
凌河区锦州市
0%
凌海市锦州市
0%
黑山县锦州市
0%
古塔区锦州市
0%
北镇市锦州市
0%
婺城区金华市
0%
武义县金华市
0%
浦江县金华市
0%
微山县济宁市
0%
梁山县济宁市
0%
湖口县九江市
0%
中方县怀化市
0%
团风县黄冈市
0%
蕲春县黄冈市
0%
麻城市黄冈市
0%
黄州区黄冈市
0%
田家庵区淮南市
0%
潘集区淮南市
0%
凤台县淮南市
0%
大通区淮南市
0%
相山区淮北市
0%
濉溪县淮北市
0%
烈山区淮北市
0%
杜集区淮北市
0%
清江浦区淮安市
0%
涟水县淮安市
0%
芷江侗族自治县怀化市
0%
英山县黄冈市
0%
溆浦县怀化市
0%
新晃侗族自治县怀化市
0%
麻阳苗族自治县怀化市
0%
会同县怀化市
0%
洪江市怀化市
0%
鹤城区怀化市
0%
辰溪县怀化市
0%
长兴县湖州市
0%
南浔区湖州市
0%
德清县湖州市
0%
安吉县湖州市
0%
兴城市葫芦岛市
0%
绥中县葫芦岛市
0%
南票区葫芦岛市
0%
浠水县黄冈市
0%
尖扎县黄南藏族自治州
0%
金乡县济宁市
0%
遂川县吉安市
0%
天桥区济南市
0%
商河县济南市
0%
历城区济南市
0%
槐荫区济南市
0%
永吉县吉林市
0%
磐石市吉林市
0%
龙潭区吉林市
0%
丰满区吉林市
0%
昌邑区吉林市
0%
永新县吉安市
0%
永丰县吉安市
0%
峡江县吉安市
0%
万安县吉安市
0%
泰和县吉安市
0%
青原区吉安市
0%
同仁市黄南藏族自治州
0%
城子河区鸡西市
0%
泽库县黄南藏族自治州
0%
大冶市黄石市
0%
铁山区黄石市
0%
下陆区黄石市
0%
阳新县黄石市
0%
博罗县惠州市
0%
滴道区鸡西市
0%
井冈山市吉安市
0%
恒山区鸡西市
0%
虎林市鸡西市
0%
鸡冠区鸡西市
0%
梨树区鸡西市
0%
麻山区鸡西市
0%
吉水县吉安市
0%
浮梁县景德镇市
0%
濂溪区九江市
0%
钟山区六盘水市
0%
辽阳县辽阳市
0%
耿马傣族佤族自治县临沧市
0%
凤庆县临沧市
0%
墨脱县林芝市
0%
朗县林芝市
0%
巴宜区林芝市
0%
莘县聊城市
0%
临清市聊城市
0%
冠县聊城市
0%
高唐县聊城市
0%
龙山区辽源市
0%
东辽县辽源市
0%
东丰县辽源市
0%
文圣区辽阳市
0%
太子河区辽阳市
0%
宏伟区辽阳市
0%
安泽县临汾市
0%
弓长岭区辽阳市
0%
白塔区辽阳市
0%
昭觉县凉山彝族自治州
0%
越西县凉山彝族自治州
0%
盐源县凉山彝族自治州
0%
普格县凉山彝族自治州
0%
宁南县凉山彝族自治州
0%
木里藏族自治县凉山彝族自治州
0%
冕宁县凉山彝族自治州
0%
美姑县凉山彝族自治州
0%
金阳县凉山彝族自治州
0%
会理市凉山彝族自治州
0%
会东县凉山彝族自治州
0%
甘洛县凉山彝族自治州
0%
永德县临沧市
0%
古县临汾市
0%
灌南县连云港市
0%
莒南县临沂市
0%
盘州市六盘水市
0%
六枝特区六盘水市
0%
叶集区六安市
0%
舒城县六安市
0%
金安区六安市
0%
霍山县六安市
0%
三江侗族自治县柳州市
0%
融安县柳州市
0%
鹿寨县柳州市
0%
柳江区柳州市
0%
郯城县临沂市
0%
平邑县临沂市
0%
罗庄区临沂市
0%
兰山区临沂市
0%
永靖县临夏回族自治州
0%
洪洞县临汾市
0%
临夏县临夏回族自治州
0%
临夏市临夏回族自治州
0%
康乐县临夏回族自治州
0%
积石山保安族东乡族撒拉族自治县临夏回族自治州
0%
和政县临夏回族自治州
0%
广河县临夏回族自治州
0%
东乡族自治县临夏回族自治州
0%
永和县临汾市
0%
尧都区临汾市
0%
乡宁县临汾市
0%
隰县临汾市
0%
曲沃县临汾市
0%
蒲县临汾市
0%
侯马市临汾市
0%
连云区连云港市
0%
赣榆区连云港市
0%
庐山市九江市
0%
禹王台区开封市
0%
寻甸回族彝族自治县昆明市
0%
西山区昆明市
0%
五华区昆明市
0%
嵩明县昆明市
0%
石林彝族自治县昆明市
0%
晋宁区昆明市
0%
富民县昆明市
0%
东川区昆明市
0%
乌恰县克孜勒苏柯尔克孜自治州
0%
阿克陶县克孜勒苏柯尔克孜自治州
0%
阿合奇县克孜勒苏柯尔克孜自治州
0%
乌尔禾区克拉玛依市
0%
克拉玛依区克拉玛依市
0%
白碱滩区克拉玛依市
0%
祥符区开封市
0%
当雄县拉萨市
0%
顺河回族区开封市
0%
杞县开封市
0%
龙亭区开封市
0%
泽普县喀什地区
0%
岳普湖县喀什地区
0%
英吉沙县喀什地区
0%
叶城县喀什地区
0%
莎车县喀什地区
0%
麦盖提县喀什地区
0%
金塔县酒泉市
0%
永修县九江市
0%
修水县九江市
0%
武宁县九江市
0%
瑞昌市九江市
0%
宜良县昆明市
0%
堆龙德庆区拉萨市
0%
东海县连云港市
0%
永清县廊坊市
0%
云和县丽水市
0%
遂昌县丽水市
0%
松阳县丽水市
0%
缙云县丽水市
0%
玉龙纳西族自治县丽江市
0%
永胜县丽江市
0%
宁蒗彝族自治县丽江市
0%
古城区丽江市
0%
五通桥区乐山市
0%
沙湾区乐山市
0%
沐川县乐山市
0%
马边彝族自治县乐山市
0%
井研县乐山市
0%
峨眉山市乐山市
0%
广阳区廊坊市
0%
林周县拉萨市
0%
兴宾区来宾市
0%
墨竹工卡县拉萨市
0%
曲水县拉萨市
0%
金秀瑶族自治县来宾市
0%
武宣县来宾市
0%
象州县来宾市
0%
忻城县来宾市
0%
安宁区兰州市
0%
固安县廊坊市
0%
红古区兰州市
0%
西固区兰州市
0%
永登县兰州市
0%
安次区廊坊市
0%
霸州市廊坊市
0%
大厂回族自治县廊坊市
0%
正安县遵义市
0%

Score Distribution

Percentile by Number Answered

Percent of People with Each Score

Your Score History

You have not taken this quiz since the last reset